Most Popular Songs in USA 5/31/2025 - Statistics

General Stats
  • This quiz has been taken 6 times
  • The average score is 10 of 15
Answer Stats
Rank Artist (Version) Answer Streams Radio Airplay Sales % Correct
9. Shaboozey A Bar Song (Tipsy) 15.1 Million 44.3 Million 2.5 Thousand
100%
13. Doechii Anxiety 8.3 Million 67.1 Million 2.5 Thousand
100%
14. Benson Boone Beautiful Things 14.9 Million 35 Million 2.5 Thousand
100%
6. Lady GaGa, Bruno Mars Die With A Smile 15.1 Million 49.8 Million 2.5 Thousand
100%
4. Alex Warren Ordinary 21.2 Million 37.5 Million 7 Thousand
100%
11. Teddy Swims Lose Control 17.1 Million 33.4 Million 2.5 Thousand
80%
5. Kendrick Lamar, SZA Luther 16.7 Million 60.8 Million 1.5 Thousand
80%
1. Morgan Wallen, Tate McRae What I Want 31.3 Million 3.7 Million 2 Thousand
80%
15. Morgan Wallen, Post Malone I Ain't Coming Back 18.4 Million 3.2 Million 2 Thousand
60%
12. Drake Nokia 15.1 Million 30.1 Million 1.5 Thousand
60%
3. Morgan Wallen I'm The Problem 25.2 Million 34 Million 4.5 Thousand
40%
2. Morgan Wallen Just In Case 29.4 Million 16 Million 2.5 Thousand
40%
10. Morgan Wallen Love Somebody 16.4 Million 24.6 Million 2 Thousand
40%
8. Morgan Wallen Superman 20.9 Million 0.9 Million 1.5 Thousand
40%
7. Morgan Wallen I Got Better 20.5 Million 0.3 Million 1 Thousand
20%
No matching quizzes found
Score Distribution
Percent of People with Each Score
Percentile by Number Answered
Your Score History
You have not taken this quiz